| 000 | 00597cam a22002051 4500 | ||
|---|---|---|---|
| 001 | sa 68004317 | ||
| 003 | DLC | ||
| 005 | 20260227112501.0 | ||
| 008 | 711108s1967 ii 00000 eng | ||
| 010 | _asa 68004317 //r84 | ||
| 025 | _aPL480:I-E-9225 | ||
| 043 | _aa-ii--- | ||
| 050 | 0 |
_aHC440.I5 _bI515 |
|
| 110 | 1 | 0 |
_aIndia. _bCentral Statistical Organisation. |
| 245 | 1 | 0 | _aBrochure on revised series of national product for 1960-61 to 1964-65. |
| 260 | 1 |
_a[New Delhi] _c1967. |
|
| 300 |
_aviii, 106 p. _c28 cm. |
||
| 350 |
_aRs5.30 _a$1.91 |
||
| 650 | 0 |
_aNational income _zIndia _xAccounting. |
|
| 999 |
_c80114 _d80114 |
||